00534nam a22001817a 4500010001500000020002600015035001400041037000900055082001200064100001500076245006800091260004300159270007500202300002000277700002400297700001700321700001400338 aENG-143082 a9788196913144c450.00 aEN-126614 bDBAD a006.312 aRamya, P.  aBIG DATA ANALYTICS:bBIG DATA ANALYTICS/cby P. Ramya...[et.al] aTamil NadubShanlax publicationsc2024 a61, 66 T.P.K. Main Road, Vasantha Nagar, bMadurai, Tamil Nadue625003 a174p.c25cm(pb) aBabu, S. Venkatesh  aR, Charanya  aK, Mohan